[Event "23rd OIBM 2019"]
[Site "Gmund am Tegernsee"]
[Date "2019.11.01"]
[Round "7.18"]
[White "Braeuer, Franz"]
[Black "Hess, Max"]
[Result "1/2-1/2"]
[WhiteElo "2429"]
[BlackElo "2373"]
[Annotator "TA"]
[PlyCount "117"]
[EventDate "2019.10.17"]
[EventType "swiss"]
[EventCountry "GER"]
[SourceTitle "playchess.com"]
[Source "ChessBase"]
[SourceQuality "1"]

{[%evp 24,117,55,50,54,42,43,38,47,41,63,9,7,5,7,0,11,12,24,3,7,6,47,61,40,12,12,11,18,20,8,10,34,23,91,91,95,95,95,95,114,114,114,109,138,138,138,95,138,96,138,96,103,96,96,96,96,96,96,96,96,96,96,90,90,90,90,90,90,90,90,90,90,90,90,90,90,90,90,90,90,0,90,0,90,90,90,90,90,68,90,90,90,90,90,90]} 1. e4 c5 2. Nf3 Nc6 ({Predecessor:} 2... e6 3. d4 cxd4 4. Nxd4 {½-½ (58) Gdanski,J (2535)-Macieja,B (2538) Plock 2000}) 3. d4 cxd4 4. Nxd4 e6 5. Nc3 Qc7 6. g3 a6 7. Bg2 Nf6 8. O-O Nxd4 9. Qxd4 Bc5 10. Bf4 d6 11. Qd2 h6 12. Rad1 e5 13. Be3 Be6 {B47: Sicilian: Taimanov: 5 Nc3 Qc7 6 f4, 6 g3 and 6 Be2} 14. Bxc5 dxc5 15. Nd5 Bxd5 $1 {White is slightly better.} 16. exd5 {[#]} Qd6 $146 (16... O-O 17. d6 Qb6 18. c4 Rad8 19. Rfe1 Rfe8 20. Bh3 Nh7 21. f4 {1-0 (60) Vidit,S (2715)-Van Foreest,J (2629) Riadh 2017}) 17. f4 (17. Bh3 $14) 17... O-O $11 18. fxe5 Qxe5 19. c4 Qd6 20. Qf4 Rfd8 21. b4 {[#] Hoping for Qxd6.} Rac8 22. Rb1 b5 23. Qxd6 Rxd6 24. Rfc1 $36 {[%mdl 2048] Threatens to win with cxb5. White is pushing.} cxb4 25. c5 Rxd5 26. Bxd5 Nxd5 {[%mdl 4096] Endgame KRR-KRN} 27. Rc2 a5 28. a3 Nc3 ({Of course not} 28... bxa3 $6 29. Rxb5 a4 30. Ra5 $16) (28... Ne3 $11 29. Rcc1 Nc4 30. axb4 axb4) 29. Rb3 $16 Rxc5 30. axb4 axb4 31. Rxb4 Nd5 32. Rxc5 Nxb4 {KR-KN} 33. Kg2 Nd3 34. Rxb5 f6 35. Kf3 Kf7 36. Ke4 Nf2+ 37. Kf5 g6+ 38. Kf4 h5 39. Rb7+ Ke6 40. Rb6+ Kf7 41. Ra6 Ng4 42. Ra7+ Ke6 43. h4 Kd6 44. Rg7 Ne5 45. Ke4 Ke6 46. Ra7 {Black must now prevent Ra6+.} Ng4 47. Ra6+ Ke7 48. Rb6 Kf7 49. Kf4 Ke7 50. Rb7+ Ke6 51. Rh7 Kd6 52. Rg7 Ne5 53. Ke4 Ke6 54. Rg8 Kf7 55. Ra8 Ng4 56. Kd4 Ke6 57. Ra5 {White is better.} Ne5 {[#] ...Nc6+ is the strong threat.} 58. Ke4 {aiming for Ra6+.} Ng4 59. Ra2 {Accuracy: White = 66%, Black = 73%.} 1/2-1/2

[Event "23rd OIBM 2019"]
[Site "Gmund am Tegernsee"]
[Date "2019.11.01"]
[Round "7.19"]
[White "Goldbeck, Lars"]
[Black "Shevchenko, Kirill"]
[Result "1/2-1/2"]
[WhiteElo "2203"]
[BlackElo "2542"]
[Annotator "TA"]
[PlyCount "104"]
[EventDate "2019.10.17"]
[EventType "swiss"]
[EventCountry "GER"]
[SourceTitle "playchess.com"]
[Source "ChessBase"]
[SourceQuality "1"]

{[%evp 22,104,25,33,47,17,17,17,22,22,23,20,34,22,31,29,54,52,55,55,46,29,38,20,17,24,16,0,34,32,39,39,42,-7,0,0,0,0,25,32,52,57,54,60,71,62,91,91,94,69,73,64,120,16,19,14,15,16,18,16,23,8,1,-2,0,8,37,50,48,0,39,-5,0,0,0,0,48,48,48,40,47,38,38,38,38]} 1. d4 Nf6 2. c4 g6 3. Nf3 Bg7 4. g3 O-O 5. Bg2 d6 6. O-O Nbd7 7. Nc3 e5 8. e4 c6 9. h3 Qa5 10. Re1 exd4 11. Nxd4 Ne5 12. Bf1 Qb6 {E69: King's Indian: Fianchetto: 6...Nbd7 7 0-0 e5 8 e4 c6 9 h3} 13. Nb3 Be6 14. Be3 c5 {The position is equal.} 15. Nd5 Bxd5 16. exd5 Rfe8 (16... Rae8 17. Kg2 Re7 18. Qc2 Rfe8 19. Bd2 Qd8 20. a4 {0-1 (38) Howell,D (2676)-McShane,L (2640) London 2017}) 17. Bd2 $146 ({Predecessor:} 17. Kg2 Re7 18. Qc2 Rae8 19. Rad1 Ned7 20. Bd2 {0-1 (30) Burnett,J (1991)-Gormally,D (2481) Harrogate 2019}) 17... Ned7 18. Qc2 Rxe1 19. Rxe1 Re8 20. Rxe8+ Nxe8 21. Qe4 Kf8 22. Bg5 {Strongly threatening Qe7+.} Bf6 23. Bh6+ Bg7 24. Bg5 {Qe7+ is the strong threat.} Nef6 (24... Bf6 $5 {[%cal Rf6g5]} 25. Bc1 Qa6 $14) 25. Qe1 Ng8 26. Bc1 Qd8 27. f4 h5 28. Kg2 Ne7 29. Bd3 b5 30. Qa5 $36 {[%cal Ra5d8][%mdl 2048] White is more active.} Qb8 {With the idea ...bxc4.} 31. Qxb5 Qxb5 32. cxb5 Nxd5 33. Na5 Nb8 34. Kf3 Nc7 35. a4 Ne6 $1 36. Ke4 Ke7 {[#]} ({Black should play} 36... Ke8 $1 $14) 37. Kd5 (37. g4 $1 $16) 37... Nc7+ $11 38. Kc4 Bd4 39. Be4 Ke6 {Hoping for ...d5+.} 40. Bb7 Bf2 41. Bc8+ Ke7 42. g4 hxg4 43. hxg4 d5+ 44. Kd3 c4+ 45. Kc2 (45. Ke2 $5 {[%cal Re2f2]} Bb6 46. Nb7 $11) 45... Ne6 46. Bb7 Be1 47. Nc6+ Nxc6 48. bxc6 Kd6 49. f5 {White is slightly better.} gxf5 $1 50. gxf5 Nd4+ 51. Kd1 {aiming for Bf4+.} Bg3 {[#]} 52. c7 $1 {[%mdl 512]} Kxc7 {Accuracy: White = 64%, Black = 49%.} 1/2-1/2

[Event "23rd OIBM 2019"]
[Site "Gmund am Tegernsee"]
[Date "2019.11.01"]
[Round "7.20"]
[White "Hofstetter, Hans-Joachim"]
[Black "Loiseau, Quentin"]
[Result "0-1"]
[WhiteElo "2210"]
[BlackElo "2471"]
[Annotator "ChessBase"]
[PlyCount "81"]
[EventDate "2019.10.17"]
[EventType "swiss"]
[EventCountry "GER"]
[SourceTitle "playchess.com"]
[Source "ChessBase"]
[SourceQuality "1"]
[TimeControl "40/5400+30:1800+30"]

1. e4 {[%emt 0:00:00]} c6 {[%emt 0:00:29]} 2. d4 {[%emt 0:00:16]} d5 {[%emt 0:00:07]} 3. e5 {[%emt 0:00:41]} Bf5 {[%emt 0:00:21]} 4. Nf3 {[%emt 0:00:16]} e6 {[%emt 0:00:12]} 5. Be2 {[%emt 0:00:27]} Ne7 {[%emt 0:01:00]} 6. Nbd2 {[%emt 0:00:37]} c5 {[%emt 0:01:24]} 7. dxc5 {[%emt 0:04:31]} Nec6 {[%emt 0:02:09]} 8. Nb3 {[%emt 0:01:01]} Nd7 {[%emt 0:01:10]} 9. c4 {[%emt 0:05:20]} dxc4 {[%emt 0:03:05]} 10. Bxc4 {[%emt 0:02:41]} Nxc5 {[%emt 0:02:28]} 11. Be3 {[%emt 0:01:33]} Nd3+ {[%emt 0:02:41]} 12. Bxd3 {[%emt 0:03:18]} Bxd3 {[%emt 0:03:03]} 13. Bd4 {[%emt 0:00:21]} Bb4+ {[%emt 0:06:39]} 14. Bc3 {[%emt 0:00:30]} Bxc3+ {[%emt 0:00:22]} 15. bxc3 {[%emt 0:00:01]} Qd5 {[%emt 0:00:12]} 16. Qd2 {[%emt 0:01:32]} Nxe5 {[%emt 0:05:09]} 17. O-O-O {[%emt 0:01:09]} Nxf3 {[%emt 0:01:57]} 18. Qxd3 {[%emt 0:01:31]} Qxd3 {[%emt 0:00:16]} 19. Rxd3 {[%emt 0:00:02]} Ne5 {[%emt 0:00:13]} 20. Rg3 {[%emt 0:00:53]} g6 {[%emt 0:02:05]} 21. Re1 {[%emt 0:00:19]} Nd7 {[%emt 0:01:21]} 22. Rd3 {[%emt 0:01:05]} Ke7 {[%emt 0:01:26]} 23. Kc2 {[%emt 0:05:47]} Rac8 {[%emt 0:00:22]} 24. Red1 {[%emt 0:00:21]} Rc7 {[%emt 0:01:55]} 25. Nd4 {[%emt 0:00:59]} a6 {[%emt 0:00:06]} 26. Ne2 {[%emt 0:00:49]} Rhc8 {[%emt 0:00:40]} 27. g4 {[%emt 0:00:51]} Nf6 {[%emt 0:02:37]} 28. Rg1 {[%emt 0:02:21]} h5 {[%emt 0:00:30]} 29. h3 {[%emt 0:01:05]} Nd5 {[%emt 0:02:35]} 30. Kb3 {[%emt 0:00:19]} hxg4 {[%emt 0:00:50]} 31. hxg4 {[%emt 0:00:08]} Rc4 {[%emt 0:00:27]} 32. f3 {[%emt 0:01:05]} b5 {[%emt 0:00:38]} 33. Rgd1 {[%emt 0:00:18]} Kf6 {[%emt 0:03:17]} 34. a3 {[%emt 0:00:56]} a5 {[%emt 0:00:49]} 35. Rc1 {[%emt 0:01:12]} b4 {[%emt 0:01:42]} 36. axb4 {[%emt 0:00:37]} axb4 {[%emt 0:00:05]} 37. Rd4 {[%emt 0:00:18]} Rxd4 {[%emt 0:00:21]} 38. cxd4 {[%emt 0:00:14]} Ra8 {[%emt 0:02:32]} 39. f4 {[%emt 0:00:03]} Ra3+ {[%emt 0:00:23]} 40. Kb2 {[%emt 0:00:17]} Rf3 {[%emt 0:00:15]} 41. g5+ 0-1

[Event "23rd OIBM 2019"]
[Site "Gmund am Tegernsee"]
[Date "2019.11.01"]
[Round "7.21"]
[White "Vogel, Roven"]
[Black "Yi, Danny"]
[Result "1-0"]
[WhiteElo "2456"]
[BlackElo "2211"]
[Annotator "TA"]
[PlyCount "55"]
[EventDate "2019.10.17"]
[EventType "swiss"]
[EventCountry "GER"]
[SourceTitle "playchess.com"]
[Source "ChessBase"]
[SourceQuality "1"]

{[%evp 12,67,9,8,7,5,28,29,39,24,69,50,54,32,94,66,72,24,33,29,31,27,46,42,58,41,61,46,95,93,131,127,131,127,206,193,215,210,308,300,286,43,120,127,116,0,11,0,309,316,313,311,464,472,756,754,747,716]} 1. d4 Nf6 2. Bf4 g6 3. e3 Bg7 4. Nf3 O-O 5. Be2 d5 6. O-O c5 7. c3 Nc6 {D02: 1 d4 d5 2 Nf3 sidelines, including 2...Nf6 3 g3 and 2...Nf6 3 Bf4} 8. Nbd2 Nd7 9. Qb3 cxd4 {White has an edge.} (9... c4 10. Qa3 b5 11. e4 Nb6 12. Qc5 dxe4 13. Nxe4 Qd5 14. Qxd5 Nxd5 15. Bg3 {1-0 (76) Artemiev,V (2691)-Ding,L (2777) Huaian 2017}) 10. exd4 (10. Qxd5 dxc3 11. bxc3 Nf6 $15) 10... e5 $146 ({Predecessor:} 10... e6 11. Rfe1 b6 12. Qa4 Bb7 13. Bb5 Qc8 14. Rac1 a6 15. Bd3 b5 16. Qd1 Na5 17. b3 {0-1 (43) Yepes Martinez,E (2268)-Rodshtein,M (2605) Barcelona 2008}) 11. dxe5 Ndxe5 12. Rad1 Ng4 ({Black should play} 12... Be6 $14) 13. h3 Nf6 14. Be3 Re8 15. Rfe1 Qc7 16. Nf1 {[%cal Bd2f1,Bf1g3,Bg3e4][%mdl 32]} Na5 17. Qc2 Nc4 18. Bd4 Bf5 19. Qc1 Re7 20. Ng3 Be6 21. Bxc4 dxc4 22. Qg5 Ne8 (22... h6 $16 {might work better.} 23. Qh4 Nh7) 23. Bxg7 $18 Nxg7 24. Nd4 Rae8 (24... a6 $142 25. Re3 Kh8) 25. Ne4 {Threatens to win with Nf6+.} Nh5 26. g4 $2 ({White has to play} 26. Nb5 $1 $18 {[%cal Rb5c7]} Qf4 27. Qxf4 {[%mdl 64] Overworked Piece} (27. Nxa7 Qxg5 28. Nxg5 Nf4 $14) 27... Nxf4 28. Nf6+ {[%mdl 64] Double Attack} (28. Nxa7 Ra8 $11) 28... Kg7 29. Nxe8+ Rxe8 30. Re3 (30. Nxa7 Nd3 $18)) 26... h6 (26... Bd7 $14) 27. Qxh6 $16 Bd5 28. gxh5 {Played: Nd4-b5} 1-0

[Event "23rd OIBM 2019"]
[Site "Gmund am Tegernsee"]
[Date "2019.11.01"]
[Round "7.22"]
[White "Hoffmann, Michael"]
[Black "Boehnke, Martin"]
[Result "1-0"]
[WhiteElo "2445"]
[BlackElo "2208"]
[Annotator "TA"]
[PlyCount "157"]
[EventDate "2019.10.17"]
[EventType "swiss"]
[EventCountry "GER"]
[SourceTitle "playchess.com"]
[Source "ChessBase"]
[SourceQuality "1"]

{[%evp 20,157,0,6,19,12,49,0,0,-10,11,10,20,0,0,0,0,0,0,0,0,0,0,0,0,0,0,0,0,0,0,0,11,20,79,79,79,81,69,77,83,80,89,75,78,70,102,100,117,85,85,85,85,85,85,85,85,85,85,85,97,92,102,98,161,61,61,61,62,65,66,45,139,110,121,112,699,699,689,686,625,599,437,433,426,423,298,410,298,290,1264,381,345,187,320,101,101,101,101,101,125,114,123,133,118,101,29972,29971,29971,29971,6111,101,101,101,235,227,227,227,227,115,124,0,0,0,56,0,0,0,8,8,8,8,78,78,1286,1123,29984,29985,29986,29987]} 1. c4 c6 2. e4 d5 3. exd5 cxd5 4. cxd5 Qxd5 5. Nc3 Qd6 6. d4 Nf6 7. Nf3 e6 8. Be2 Be7 9. O-O Nc6 10. Nb5 Qd8 11. Bf4 O-O {B22: Sicilian: 2 c3} (11... Nd5 12. Bg3 O-O 13. Bc4 a6 14. Nc3 Nxc3 15. bxc3 b5 16. Bd3 Bb7 17. a4 b4 18. Rb1 Bf6 19. Be4 a5 20. cxb4 axb4 21. Bxc6 {½-½ (21) Zvjaginsev,V (2660)-Moiseenko,A (2692) Berlin 2015}) 12. Bc7 Qe8 $146 (12... Qd7 $5 {[%cal Ra7a6]} 13. Ne5 Nxe5 14. dxe5 (14. Bxe5 a6 $11) 14... Nd5 $11) ({Predecessor:} 12... Qd7 13. Ne5 Nxe5 14. Bxe5 a6 15. Nc7 Ra7 16. d5 exd5 17. Bf3 b6 18. Nxd5 Nxd5 19. Qxd5 Qxd5 20. Bxd5 {½-½ (54) Sebag,M (2434)-Plaskett,H (2485) Birmingham 2006}) 13. Bg3 Qd8 {The position is equal.} 14. Rc1 Bd7 (14... a6 $5 {[%cal Ra6b5]} 15. Nc3 b6 $11) 15. Bc7 Qc8 16. Bg3 Qd8 17. a3 a6 18. Nd6 Bc8 19. Nc4 b5 20. Nce5 Nxe5 21. Nxe5 Bb7 22. Nc6 Bxc6 $1 23. Rxc6 Nd5 24. Bf3 Qd7 25. Qc2 Bf6 26. Be5 Bxe5 (26... Rfd8 $11) 27. dxe5 $16 Rac8 28. Bxd5 exd5 29. Rc1 {[%cal Rc6c8]} Rce8 30. Rd6 Qb7 31. Qf5 Re7 32. h3 Rfe8 33. f4 g6 34. Qd3 Qa7+ 35. Kh2 Qf2 36. Rf1 Qxb2 37. Rxa6 b4 38. axb4 Qxb4 39. Qxd5 Rc7 40. Rf3 Qe1 41. Rf6 Ree7 (41... Qa1 $16 42. Rd6 Rc1) 42. Rb3 (42. e6 $18 Qa1 43. exf7+ Rxf7 44. Rd6) 42... Kg7 $1 $14 43. Rc6 Rcd7 44. Rd6 Ra7 45. Qd2 Qf1 (45... Qxd2 $14 46. Rxd2 f6) 46. Rf3 Qa1 47. Rd8 $36 {[%mdl 2048] Strongly threatening Qd6. White has strong initiative.} Qa5 $2 {[%mdl 8192]} (47... Ra8 $16 48. Qd6 Rxd8 49. Qf6+ (49. Qxe7 Rd1 $16) (49. Qxd8 Re6 $16) 49... Kg8 50. Qxe7 Qd4) 48. Qd6 $18 {White threatens Qf6+ and mate.} Qa6 {If only Black now had time for ...Qxd6....} 49. Qb8 {Intending Rg8+ and mate.} f5 50. Rg8+ Kh6 51. Qf8+ Rg7 52. Rxg7 Rxg7 {[%mdl 4096] Endgame KQR-KQR} 53. Qd8 {[%cal Rd8h4]} Rf7 54. Rd3 Qc6 $2 (54... Kg7 55. Rd2 Qe6) 55. Rd6 $2 (55. h4 {Black must now prevent h5!} Kg7 56. Qg5) 55... Qc7 56. Qg5+ Kg7 57. Rf6 $2 (57. h4 $18 {is the precise move to win. And now h5 would win.} Qe7 58. Qg3) 57... Qe7 $16 {[%cal Rf7f6]} 58. Rxf7+ $1 Qxf7 {KQ-KQ} 59. Qd8 Qe6 60. Kg3 h6 61. Qc7+ Kg8 62. Kh4 Qa2 $2 {[%mdl 8192]} (62... Qd5 $16) 63. Qd8+ Kh7 64. Qe7+ Kg8 65. Kg3 $2 (65. g3 $18 {has better winning chances. White wants to mate with e6.} Qf7 66. Qxf7+ Kxf7 67. g4) 65... Qb3+ {[#]} 66. Kh2 $1 Qc4 (66... Qe3 $16) 67. Qe8+ $18 Kg7 68. Qd7+ Kg8 69. Qd2 (69. Kg3 $18 Qc1 70. Qd8+ Kg7 71. Qd7+ Kg8 72. Qe6+ Kh7 73. Qf7+ Kh8 74. Qxg6 Qe3+ 75. Kh4 Qxf4+ 76. Kh5 Qxe5 77. Qxh6+ (77. Kxh6 Qe3+ 78. Qg5 Qe6+ 79. Qg6 Qe3+ 80. Qg5 Qe6+ 81. Qg6 Qe3+ $16) 77... Kg8 78. Qc6) 69... Kf7 $16 70. g4 (70. Qe3 $16) 70... fxg4 $11 71. hxg4 Ke8 ({Black should try} 71... Qe4 $1 $11) 72. Kg3 ({Better is} 72. Qe3 $1 $14) 72... Qe4 $1 73. Qc3 Kd7 74. Qf3 Qe1+ 75. Kg2 {Hoping for Qd5+.} Qd2+ {[#]} (75... g5 $1 $11) 76. Kh3 $1 $16 {aiming for f5.} Qc2 $2 {[%mdl 8192]} (76... Qe1 $16 77. f5 gxf5) 77. f5 $18 Ke7 78. f6+ Kf7 {[#]} 79. e6+ $1 {[%mdl 512] Accuracy: White = 62%, Black = 44%.} 1-0

[Event "23rd OIBM 2019"]
[Site "Gmund am Tegernsee"]
[Date "2019.11.01"]
[Round "7.23"]
[White "Bellia, Fabrizio"]
[Black "Richter, Nils"]
[Result "1-0"]
[WhiteElo "2433"]
[BlackElo "2213"]
[Annotator "TA"]
[PlyCount "83"]
[EventDate "2019.10.17"]
[EventType "swiss"]
[EventCountry "GER"]
[SourceTitle "playchess.com"]
[Source "ChessBase"]
[SourceQuality "1"]

{[%evp 22,83,14,14,15,23,22,0,0,0,0,0,0,0,20,0,0,0,0,7,13,5,31,4,129,0,92,55,49,44,76,0,0,0,30,35,45,59,42,0,115,103,151,156,275,250,1003,987,1290,945,1259,1259,1195,1093,1015,1008,647,447,479,422,497,474,821,801]} 1. e4 e5 2. Nf3 Nc6 3. Bc4 Bc5 4. c3 Nf6 5. d3 d6 6. Bb3 a6 7. O-O O-O 8. h3 h6 9. Re1 Ba7 10. Nbd2 Re8 11. Nf1 Be6 12. Ng3 d5 {C54: Giuoco Piano: 4 c3 Nf6, main lines with 5 d4 and 5 d3} (12... Bxb3 13. Qxb3 Qd7 14. Be3 Bxe3 15. Rxe3 d5 16. Rae1 Na5 17. Qa3 Nc6 18. Qb3 Na5 19. Qa3 Nc6 {½-½ (19) Ragger,M (2682)-Harikrishna,P (2730) Brest 2019}) 13. exd5 Bxd5 14. Be3 (14. Bc2 {keeps more tension.} Re6 15. a4 a5 16. Nh4 Ne7 17. Be3) 14... Bxe3 {The position is equal.} 15. Rxe3 Qd6 16. Bc2 Rad8 $146 ({Predecessor:} 16... Be6 17. Qd2 {0-1 (59) Cretu,S (2210)-Seryakov,O (2257) ICCF email 2014}) 17. Qd2 Be6 18. Rae1 {[%cal Rf3e5]} Nd5 19. Re4 {[%cal Rf3e5]} f5 20. Rxe5 $1 Nxe5 21. Rxe5 Qf8 22. d4 {[%cal Rg3f5]} Nb6 (22... Bc8 $11) 23. Qe1 ({Inferior is} 23. Bxf5 Nc4 $15) (23. Nxf5 $16 Nd7 24. Qd3) 23... Bc8 (23... Qf7 $1 $11) 24. Nxf5 Rxe5 25. Qxe5 {[#] Black must now prevent Ne7+.} Re8 26. Qxc7 ({White should try} 26. Qa5 $16) 26... Bxf5 $11 27. Bb3+ Kh8 {Strongly threatening ...Nd7.} 28. Qxb6 Be4 $1 29. Ne5 {Threatens to win with f3.} (29. Ba4 $5 {[%cal Ra4e8]} Ra8 30. Ne5 $14) 29... Qf4 30. Bc4 Rf8 (30... Kh7 $11 {keeps the balance.}) 31. f3 $16 Qe3+ {[#]} 32. Kf1 $1 Bc2 (32... Qc1+ $16 33. Kf2 Kh7) 33. Qxb7 $18 Be4 $2 (33... a5 34. a4 Re8) 34. Nf7+ {White is clearly winning.} Rxf7 35. Qxf7 {[%csl Gc4][%cal Rf7g8]} Bd3+ 36. Bxd3 Qxd3+ {[%mdl 4096] Endgame KQ-KQ} 37. Kf2 Qd2+ 38. Kg1 Qxb2 39. Qe8+ Kh7 40. Qe4+ Kh8 41. Qd3 Qxa2 (41... Qc1+ $142 42. Kf2 Qb2+ 43. Kg3 Qb8+ 44. f4 g5) 42. d5 {Accuracy: White = 73%, Black = 45%.} 1-0

[Event "23rd OIBM 2019"]
[Site "Gmund am Tegernsee"]
[Date "2019.11.01"]
[Round "7.24"]
[White "Epding, Olaf"]
[Black "Smith, Bryan"]
[Result "0-1"]
[WhiteElo "2208"]
[BlackElo "2430"]
[Annotator "TA"]
[PlyCount "132"]
[EventDate "2019.10.17"]
[EventType "swiss"]
[EventCountry "GER"]
[SourceTitle "playchess.com"]
[Source "ChessBase"]
[SourceQuality "1"]

{[%evp 9,132,-19,-14,-20,-12,-21,-8,-52,50,47,50,57,68,50,111,110,126,94,87,82,77,90,76,0,38,0,54,51,56,-10,-9,-8,-14,-35,-23,-29,-20,-26,-20,-27,-27,-34,-17,-28,-27,-26,-26,-24,-13,-26,13,0,0,-9,0,0,0,0,15,0,0,0,6,0,0,0,0,0,0,0,0,0,0,0,0,0,8,8,14,8,10,0,0,0,0,0,0,0,0,0,0,0,0,0,0,-8,-8,-48,-45,-100,-50,-319,-319,-319,-319,-319,-8,-8,-8,-8,-8,-8,-8,-29970,-29973,-29973,-29974,-29948,-6402,-29980,-29981,-29981,-29982,-29982,-29983]} 1. e4 c5 2. b3 g6 (2... Nc6 3. Bb2 e5 4. Nf3 d6 5. Bc4 Be7 6. O-O Nh6 7. c3 O-O 8. d4 Qc7 9. Na3 Kh8 10. Nc2 f5 11. exf5 Nxf5 12. dxe5 dxe5 13. Qe2 Nd6 {½-½ (64) Vachier Lagrave,M (2780)-Maze,S (2596) chess.com INT 2019}) 3. Bb2 Nf6 4. Nf3 Bg7 5. e5 Nd5 6. Nc3 {B20: Sicilian: Unusual White 2nd moves} Nxc3 7. Bxc3 Nc6 8. e6 $146 {The position is equal.} ({Predecessor:} 8. g3 O-O 9. Bg2 d5 10. exd6 e5 11. O-O Qxd6 12. Ng5 Nd4 13. Re1 {0-1 (40) Grigoryan,K (2555)-Garriga Cazorla,P (2400) Sitges 2017}) 8... Bxc3 (8... O-O $15) 9. exf7+ $14 Kxf7 10. dxc3 Kg7 11. Qd2 Rf8 (11... d6 $14) 12. h4 $16 Qc7 13. h5 {And now hxg6 would win.} Qf4 14. Qxf4 Rxf4 15. hxg6 hxg6 16. Ng5 (16. O-O-O $16) 16... Rg4 17. Nf3 d6 ({Black should try} 17... Rf4 $1 $11) 18. g3 $14 Bf5 19. Nh2 (19. Be2 $14) 19... Rh8 $11 20. Bg2 Rg5 {...Rgh5 is the strong threat.} 21. Kd2 Rgh5 22. Nf3 Be4 23. Rxh5 Rxh5 24. Re1 d5 25. Re2 e5 26. Ke1 Rf5 27. Nh4 Bxg2 28. Nxg2 {[%mdl 4096] Endgame KRN-KRN} Rh5 29. Kd2 d4 30. Nh4 Kf6 31. Kd3 b5 32. Re1 dxc3 33. Kxc3 Nd4 34. Kd3 g5 35. Ng2 Rh8 36. Ne3 Nf3 37. Rc1 Rd8+ 38. Ke2 Nd4+ 39. Kf1 e4 40. Kg2 b4 41. Rh1 Kg6 42. a3 Nf5 {Threatens to win with ...Nxe3+.} 43. Nc4 Nd4 44. axb4 cxb4 45. Ra1 Nxc2 46. Ra6+ Kg7 47. Rxa7+ Kf6 48. Ra6+ Ke7 49. Ra5 Kf6 50. Kh3 Rd3 51. Ra6+ Ke7 52. Ra7+ Ke6 53. Ra6+ Kd5 54. Rd6+ Kc5 55. Rxd3 $4 {[%mdl 8192]} (55. Re6 $15) 55... exd3 $15 {KN-KN} 56. f4 gxf4 $1 57. gxf4 Kd4 $2 (57... Na3 $19 58. Nb2 Kd4) 58. f5 $11 Kc3 {Strongly threatening ...d2.} 59. f6 {Hoping for f7.} Nd4 60. f7 Ne6 61. Kg4 $2 {[%mdl 8192]} (61. Kg3 $11) 61... d2 62. Ne3 {[#]} Kd3 $1 63. Kf5 Nf8 64. Nd1 {[#]} Ke2 $1 {Black mates.} 65. Nb2 d1=Q 66. Nxd1 Kxd1 {Accuracy: White = 50%, Black = 54%.} 0-1

[Event "23rd OIBM 2019"]
[Site "Gmund am Tegernsee"]
[Date "2019.11.01"]
[Round "7.25"]
[White "Mohota, Nisha"]
[Black "Zysk, Robert"]
[Result "0-1"]
[WhiteElo "2195"]
[BlackElo "2412"]
[Annotator "TA"]
[PlyCount "80"]
[EventDate "2019.10.17"]
[EventType "swiss"]
[EventCountry "GER"]
[SourceTitle "playchess.com"]
[Source "ChessBase"]
[SourceQuality "1"]

{[%evp 9,80,43,56,47,81,11,47,27,39,34,28,32,44,32,45,-7,8,-9,12,-37,-20,-46,-15,-62,-42,-69,-58,-78,-64,-73,-63,-71,-70,-64,-100,-93,-84,-102,-79,-142,-122,-235,-247,-233,-262,-257,-208,-287,-265,-399,-403,-529,-506,-530,-521,-622,-474,-462,-472,-441,-447,-442,-433,-613,-500,-684,-465,-482,-466,-29991,-29974,-29974,-29976]} 1. e4 g6 2. d4 Bg7 3. Nc3 d6 4. Be3 a6 5. Qd2 Nd7 6. h4 {B06: Modern Defence} h6 (6... h5 7. Nh3 Ngf6 8. f3 b5 9. Ng5 Bb7 10. O-O-O e6 11. a3 Qe7 12. Kb1 c5 13. dxc5 dxc5 14. Qd6 Qxd6 15. Rxd6 Bf8 16. Rd2 c4 17. Be2 Bc5 18. Bxc5 Nxc5 {1-0 (49) Vidit,S (2703)-Maghsoodloo,P (2656) Biel 2019}) 7. f4 (7. O-O-O $16) 7... Ngf6 8. e5 {White is slightly better.} Ng4 9. Nf3 Nb6 $146 ({Predecessor:} 9... b5 10. Bg1 Nb6 11. O-O-O h5 12. Kb1 d5 13. Bd3 e6 {½-½ (51) Michelle,C (2069)-Caglar,S (2204) Barbera del Valles 2018}) 10. Bd3 Bf5 11. O-O-O h5 12. Kb1 (12. Ng5 $14) 12... d5 13. Qe2 e6 14. Ng5 Qd7 15. Bc1 Bf8 16. Rdf1 c5 17. dxc5 {And now Bxf5 would win.} Bxc5 18. Nd1 Rc8 19. Bxf5 gxf5 20. Rh3 Nc4 {[%cal Bb6c4,Bc4a5,Ba5c6][%mdl 32]} 21. Rd3 b5 22. b3 Qb7 23. Rg3 Na5 24. Ne3 ({White should try} 24. Nf3) 24... Nc6 $17 25. Nxf5 (25. Nxg4 $17 hxg4 26. Rh1) 25... exf5 $19 26. e6 f6 27. Nf7 O-O 28. Nh6+ {[#]} Kh8 $1 29. Nxf5 (29. Nf7+ $142 Kh7 30. Bb2) 29... Qh7 30. Ne3 Nd4 31. Qd1 Nxe3 32. Bxe3 Nxc2 33. Qxc2 Qxc2+ 34. Kxc2 {aiming for Bxc5.} Bxe3+ 35. Kd3 d4 36. f5 (36. Rg6 $142) 36... Rg8 37. Rff3 Rc3+ 38. Ke4 Rc5 39. Rh3 {[#]} (39. Rxg8+ $19 Kxg8 40. b4 Re5+ 41. Kd3) 39... Re5+ 40. Kd3 Rxg2 {Accuracy: White = 12%, Black = 58%.} 0-1